000 00665nam a2200265Ia 4500
005 20260320203321.0
008 008 262003s9999 xx 000 0 eng d
020 _a978-3-031-78876-5
037 _aEBOOK
040 _aCRL
040 _beng
040 _cCRL
041 _2eng
041 _aeng
084 _qCRL
100 _aJack P. Cunningham, Adam Foxon, Rosamund M. Gammie
_91137361
245 0 _aMind, Soul and the Cosmos in the High Middle Ages
260 _bSpringer
260 _c2024
650 _aPhilosophy
856 _uhttps://doi.org/10.1007/978-3-031-78876-5
942 _cEBOOK
999 _c1726125
_d1726125